000 00483cam a2200145 4500500
005 20251228074219.0
041 _afre
042 _adc
100 1 0 _aBaron, Anne-Marie
_eauthor
245 0 0 _aManifestations organisées autour de l’exposition
260 _c2011.
500 _a90
786 0 _nL'Année balzacienne | 11 | 1 | 2011-02-14 | p. 558d-558d | 0084-6473
856 4 1 _uhttps://shs.cairn.info/revue-l-annee-balzacienne-2010-1-page-558d?lang=fr&redirect-ssocas=7080
999 _c1597203
_d1597203